[Event "Bamberg op-A 5th"]
[White "Tschernatsch, Johannes"]
[Black "Rosenboom, Niko"]
[Site "Bamberg"]
[Round "1"]
[Result "1/2-1/2"]
[Date "2023.07.26"]
[WhiteElo "2303"]
[BlackElo "1827"]
[PlyCount "114"]
[EventDate "2023.07.26"]
[EventType "swiss"]
[EventRounds "7"]
[EventCountry "GER"]
[SourceTitle "CBM 215 Extra"]
[Source "ChessBase"]
[SourceDate "2023.09.30"]
[SourceVersion "1"]
[SourceVersionDate "2023.09.30"]
[SourceQuality "1"]

1. e4 c5 2. Nf3 e6 3. g3 Nc6 4. Bg2 Nf6 5. Qe2 d5 6. exd5 Nxd5 7. 0-0 Be7 8. Rd1 Bf6 9. Nc3 Ndb4 10. d3 0-0 11. Ne4 Be7 12. c3 Nd5 13. d4 cxd4 14. Nxd4 Nxd4 15. Rxd4 Qc7 16. h4 Bd7 17. Ng5 Bc5 18. Qd3 g6 19. Bxd5 Bxd4 20. Qxd4 exd5 21. h5 Qc4 22. hxg6 fxg6 23. Qxc4 dxc4 24. Be3 Rae8 25. Rd1 Bf5 26. Rd4 b5 27. Rh4 h5 28. Bxa7 Ra8 29. Bc5 Rxa2 30. Bxf8 Kxf8 31. Nf3 Rxb2 32. Nd4 Bd3 33. Rf4+ Ke8 34. Nc6 Rb3 35. f3 Rxc3 36. Kf2 Bb1 37. Rd4 Ra3 38. Rd8+ Kf7 39. Rb8 Rb3 40. Rb7+ Kf6 41. Rb6 Rb2+ 42. Ke3 Ke6 43. Kd4 Rd2+ 44. Kc3 Rd3+ 45. Kb2 Rb3+ 46. Kc1 Kd7 47. Nd4 Rb4 48. Nc6 Rb3 49. Nd4 Rd3 50. Nxb5 Ba2 51. Rxg6 Rxf3 52. Rg7+ Ke8 53. Kb2 Bb3 54. Nd4 Rd3 55. Nxb3 Rxb3+ 56. Kc2 Kf8 57. Rg5 Kf7 1/2-1/2

[Event "Mittelfrank Regionalliga Nord-Ost 2223"]
[White "Hollmann, Thomas"]
[Black "Rosenboom, Niko"]
[Site "Mittelfranken"]
[Round "9.3"]
[Result "0-1"]
[Date "2023.04.23"]
[WhiteElo "1946"]
[BlackElo "1947"]
[PlyCount "66"]
[EventDate "2022.10.09"]
[EventType "team-tourn"]
[EventRounds "9"]
[EventCountry "GER"]
[SourceTitle "EXT 2024"]
[Source "ChessBase"]
[SourceDate "2023.10.10"]
[SourceVersion "1"]
[SourceVersionDate "2023.10.10"]
[SourceQuality "1"]
[WhiteTeam "Buechenbach/Roth"]
[BlackTeam "Fuerth SG"]
[WhiteTeamCountry "GER"]
[BlackTeamCountry "GER"]

1. e4 c5 2. Nf3 e6 3. d4 cxd4 4. Nxd4 a6 5. c4 Nf6 6. Nc3 Qc7 7. Be3 Bb4 8. Bd3 Bxc3+ 9. bxc3 d6 10. 0-0 Nbd7 11. Qe2 b6 12. f4 Bb7 13. Bd2 0-0 14. Rae1 Nc5 15. e5 dxe5 16. fxe5 Nfe4 17. Rf4 Nxd3 18. Qxd3 Nxd2 19. Qxd2 Qxc4 20. Rg4 f5 21. Rg3 Bd5 22. a3 Rac8 23. h4 f4 24. Rh3 Qc5 25. Rf1 f3 26. gxf3 Qxc3 27. Qf2 Rc4 28. Rd1 Qxa3 29. h5 Rf4 30. h6 Rcxd4 31. Rxd4 Qa1+ 32. Rd1 Qxd1+ 33. Kg2 Rxf3 0-1

[Event "Mittelfrank Regionalliga Nord-Ost 2223"]
[White "Auburger, Philipp"]
[Black "Rosenboom, Niko"]
[Site "Mittelfranken"]
[Round "7.3"]
[Result "1-0"]
[Date "2023.03.05"]
[WhiteElo "2056"]
[BlackElo "1947"]
[PlyCount "67"]
[EventDate "2022.10.09"]
[EventType "team-tourn"]
[EventRounds "9"]
[EventCountry "GER"]
[SourceTitle "EXT 2024"]
[Source "ChessBase"]
[SourceDate "2023.10.10"]
[SourceVersion "1"]
[SourceVersionDate "2023.10.10"]
[SourceQuality "1"]
[WhiteTeam "Forchheim SC"]
[BlackTeam "Fuerth SG"]
[WhiteTeamCountry "GER"]
[BlackTeamCountry "GER"]

1. e4 c5 2. c3 Nf6 3. e5 Nd5 4. Nf3 d6 5. Bc4 dxe5 6. Nxe5 e6 7. 0-0 Bd6 8. d4 0-0 9. Re1 cxd4 10. cxd4 Nd7 11. Nc3 Nxc3 12. bxc3 Qc7 13. Bd3 Qxc3 14. Bf4 Nxe5 15. dxe5 Be7 16. Re3 Qb4 17. Qh5 g6 18. Qh6 f5 19. exf6 Bxf6 20. Bxg6 hxg6 21. Qxg6+ Bg7 22. Be5 Qe7 23. Rg3 Rf7 24. Rh3 Rf5 25. f4 Bd7 26. Qh7+ Kf8 27. Rg3 Rxe5 28. fxe5 Bb5 29. Rf3+ Ke8 30. Rd1 Bd7 31. Qg8+ Bf8 32. Rdf1 Kd8 33. Rxf8+ Be8 34. Rxe8+ 1-0

[Event "Mittelfrank Regionalliga Nord-Ost 2223"]
[White "Rosenboom, Niko"]
[Black "Sippl, Martin"]
[Site "Mittelfranken"]
[Round "1.3"]
[Result "1-0"]
[Date "2022.10.09"]
[WhiteElo "1947"]
[BlackElo "1862"]
[PlyCount "109"]
[EventDate "2022.10.09"]
[EventType "team-tourn"]
[EventRounds "9"]
[EventCountry "GER"]
[SourceTitle "EXT 2024"]
[Source "ChessBase"]
[SourceDate "2023.10.10"]
[SourceVersion "1"]
[SourceVersionDate "2023.10.10"]
[SourceQuality "1"]
[WhiteTeam "Fuerth SG"]
[BlackTeam "Heng Postbauer"]
[WhiteTeamCountry "GER"]
[BlackTeamCountry "GER"]

1. e4 e5 2. Nf3 Nc6 3. Bb5 Qe7 4. c3 Nd8 5. 0-0 c6 6. Ba4 Nf6 7. Re1 d6 8. d4 g6 9. Nbd2 Bg7 10. Bb3 0-0 11. Nc4 Nd7 12. Bg5 Bf6 13. Bxf6 Qxf6 14. Qd2 Kg7 15. Rad1 Re8 16. Ne3 Qf4 17. Nc4 Qf6 18. Qg5 exd4 19. Qxf6+ Nxf6 20. Nxd6 Re7 21. Nxd4 Rb8 22. e5 Nh5 23. e6 fxe6 24. Nxc8 Rxc8 25. Nxe6+ Nxe6 26. Rxe6 Rxe6 27. Bxe6 Re8 28. Rd7+ Kf6 29. Bc4 Re1+ 30. Bf1 Re7 31. Rd4 Ng7 32. h4 Nf5 33. Ra4 a6 34. g3 Re1 35. Kg2 Re7 36. Kf3 Nd6 37. Rd4 Nf7 38. Bh3 Ne5+ 39. Kg2 Kg7 40. Bc8 Rc7 41. Bh3 Kf6 42. f4 Nf7 43. g4 Re7 44. g5+ Kg7 45. Kf2 Kf8 46. f5 gxf5 47. Bxf5 Kg7 48. Rd7 Rxd7 49. Bxd7 Nd6 50. Kf3 Kg6 51. Kg4 c5 52. h5+ Kg7 53. Kf4 Kf7 54. Bf5 b6 55. Bxh7 1-0

[Event "Bayernliga U20 1819"]
[White "Baumgaertel, Laura Maria"]
[Black "Rosenboom, Niko"]
[Site "Bayern"]
[Round "5.4"]
[Result "1-0"]
[Date "2019.01.26"]
[WhiteElo "1616"]
[BlackElo "1610"]
[PlyCount "63"]
[EventDate "2018.11.17"]
[EventType "team-tourn"]
[EventRounds "6"]
[EventCountry "GER"]
[SourceTitle "EXT 2022"]
[Source "ChessBase"]
[SourceDate "2021.10.06"]
[SourceVersion "1"]
[SourceVersionDate "2021.10.06"]
[SourceQuality "1"]
[WhiteTeam "Schwandorf U20"]
[BlackTeam "Fuerth SG U20"]
[WhiteTeamCountry "GER"]
[BlackTeamCountry "GER"]

1. d4 d5 2. c4 e6 3. Nf3 Nf6 4. e3 c5 5. Nc3 b6 6. Be2 Bb7 7. 0-0 Nbd7 8. b3 a6 9. Bb2 Qc7 10. Rc1 Bd6 11. g3 0-0 12. cxd5 exd5 13. Rc2 Rac8 14. Qd2 Ne4 15. Nxe4 dxe4 16. Nh4 Qd8 17. Nf5 Nf6 18. Nxd6 Qxd6 19. Rd1 cxd4 20. Bxd4 Rxc2 21. Qxc2 Rc8 22. Qb2 Qc6 23. Be5 h6 24. Qd4 Qc2 25. Rd2 Qb1+ 26. Bd1 Ng4 27. Bxg7 Rc1 28. h3 f6 29. hxg4 Kxg7 30. Qd7+ Kg6 31. Qe8+ Kg5 32. Qh5# 1-0